Представление документа в формате RUSMARC

ПолеНазваниеЗначение
  Тип записи a
  Библиографический уровень a
001 Контрольный номер RU/CBS_UL/BASE/9ca4ff608fd4443f9cb5e80684fd3675
005 Дата корректировки 20230111153032.8
100 Данные общей обработки __
a Данные общей обработки 20230111 ||| 0rusy0189 ca
101 Язык документа 0_
a Язык текста rus
102 Страна публикации __
a Страна публикации RU
200 Заглавие и сведения об ответственности 1_
a Заглавие Ироды против Иисуса
e Сведения, относящиеся к заглавию [почему иудейские цари охотились за Спасителем?]
461 Уровень набора _0
1 2000
a Загадки истории
463 Уровень физической единицы _0
1 2000
a № 1-2
v С. 20-22 : ил.
1 2101
d 2023
1 001RU/CBS_UL/BASE/f2ae496969644f5da3c01444e9f5d2dc
600 Персоналии _1
a Персоналии (Фамилия) Ирод Великий
600 Персоналии _1
a Персоналии (Фамилия) Понтий Пилат
600 Персоналии _1
a Персоналии (Фамилия) Иисус Христос
606 Тематические рубрики 0_
a Основная рубрика Христианство
610 Ключевые слова 0_
a Ключевые слова иудейские цари
610 Ключевые слова 0_
a Ключевые слова царствование Ирода
610 Ключевые слова 0_
a Ключевые слова история Иудеи
686 Индексы других классификаций __
a Классификационный индекс 86.37
2 Код системы ББК
700 Автор _1
a Фамилия Кузьмин
b Имя (инициалы) Д
801 Источник записи _0
a Страна RU
b Организация МБУК ЦБС г. Ульяновска
c Дата составления 20230111
g Правила каталогизации RCR
801 Источник записи _1
a Страна RU
b Организация МБУК ЦБС г. Ульяновска
c Дата составления 20230111
g Правила каталогизации RCR
901 Тип документа __
t Тип документа b
w Контрольный № источника RU/CBS_UL/BASE/f2ae496969644f5da3c01444e9f5d2dc